| 000 | 00561nam a2200205 i 4500 | ||
|---|---|---|---|
| 001 | 96424 | ||
| 003 | ES-MaACL | ||
| 005 | 20250710062726.0 | ||
| 007 | t| | ||
| 008 | 050617s1954 fr ||||1| fre d | ||
| 100 | 1 |
_aMaillet, Pierre. _975582 |
|
| 245 | 1 | 2 |
_aL'Energie / _cpar Pierre Maillet. |
| 250 | _a[1ยช ed.]. | ||
| 260 |
_aParis : _bPresses Universitaires de France, _c1954. |
||
| 300 |
_a124 p. ; _c18 cm. |
||
| 490 | 1 |
_aQue sais-je? ; _v648 |
|
| 830 | 0 | 0 |
_aQue sais-je? _v648 _9180931 |
| 852 |
_aES-MaACL _jC-15947 _bR.43479 |
||
| 999 |
_c96424 _d96424 |
||